00804nam a2200169 a 450000100100000000500170001000800410002704000250006810000330009324500920012626000430021830000210026159000610028295201630034395201110050699900170061700004565320201002052352.0150421s1987 dr 000 0 spa d aDO-SdBNPbspacBNPHU1 aMarcalle Abreu, Roberto986210aAlternativas para una existencia gris :brelatos de New York /cRoberto Marcalle Abreu. aSanto Domingo :bSanto Domingo,c1987. a227 p. ;c22 cm. aPerteneció a la biblioteca personal de Erick Landestoy 0010718PDaPDbPDcHDd2015-04-21iLF1l0o p45653-10r2020-06-25w2020-06-25yLFPDzPerteneció a la biblioteca personal de Erick LandestoyZNo se presta 0010718PDaPDbPDcHDd2015-05-19iLF1l0o p45653-20r2020-06-25te. 2w2020-06-25yLFPDZNo se presta c45142d45142